[Event "Salon de Provence op"]
[Site "Salon de Provence"]
[Date "2023.07.09"]
[Round "3.6"]
[White "Colandrea, Sauveur"]
[Black "Scamaroni, Jean Paul"]
[Result "1-0"]
[WhiteElo "1540"]
[BlackElo "1487"]
[PlyCount "131"]
[EventDate "2023.07.08"]
[EventType "swiss"]
[EventRounds "9"]
[EventCountry "FRA"]
[SourceTitle "EXT 2024"]
[Source "ChessBase"]
[SourceDate "2023.10.10"]
[SourceVersion "1"]
[SourceVersionDate "2023.10.10"]
[SourceQuality "1"]

1. b3 Nf6 2. Bb2 e6 3. e3 Be7 4. Nf3 0-0 5. c4 b6 6. Be2 Bb7 7. 0-0 c5 8. Nc3 d6 9. Qc2 Nc6 10. Rac1 d5 11. Rfd1 d4 12. Na4 Nb4 13. Qb1 d3 14. Bf1 Be4 15. Nc3 Bxf3 16. gxf3 Nc2 17. Bxd3 Qxd3 18. Qxc2 Rfd8 19. Ne4 Nxe4 20. fxe4 Qe2 21. d4 Qg4+ 22. Kf1 Qh3+ 23. Ke2 Qg4+ 24. f3 Qg2+ 25. Kd3 Qxc2+ 26. Rxc2 cxd4 27. exd4 Rd7 28. Rg2 Rad8 29. Ke2 g6 30. Rgg1 Bf6 31. e5 Bg7 32. f4 h5 33. Rd3 Bh6 34. Kf3 Kh7 35. Rgd1 Bg7 36. d5 Kg8 37. Ke4 exd5+ 38. Rxd5 Rxd5 39. cxd5 Kf8 40. Rc1 Ke8 41. b4 Kd7 42. b5 Bf8 43. Rc6 Re8 44. Rf6 Rc8 45. Rxf7+ Ke8 46. Rf6 Rc2 47. Bd4 Rxh2 48. d6 h4 49. d7+ Kxd7 50. Rxf8 h3 51. Kd5 Rxa2 52. Rh8 h2 53. Ke4 Ke6 54. Rh6 Kf7 55. Kf3 Ra5 56. Rxh2 Rxb5 57. Rh7+ Ke6 58. Rxa7 Rb1 59. Ra6 Kf5 60. Rxb6 Rxb6 61. Bxb6 g5 62. fxg5 Kxg5 63. Ke4 Kg6 64. Kd5 Kf7 65. Kd6 Ke8 66. Ke6 1-0

[Event "Salon de Provence op"]
[Site "Salon de Provence"]
[Date "2023.07.08"]
[Round "1.8"]
[White "Colandrea, Sauveur"]
[Black "Bouguen, Liza"]
[Result "1-0"]
[WhiteElo "1540"]
[BlackElo "1199"]
[PlyCount "49"]
[EventDate "2023.07.08"]
[EventType "swiss"]
[EventRounds "9"]
[EventCountry "FRA"]
[SourceTitle "EXT 2024"]
[Source "ChessBase"]
[SourceDate "2023.10.10"]
[SourceVersion "1"]
[SourceVersionDate "2023.10.10"]
[SourceQuality "1"]

1. e4 Nf6 2. e5 Nd5 3. d4 d6 4. c4 Nb6 5. exd6 cxd6 6. Nf3 g6 7. Be2 e5 8. dxe5 d5 9. Bg5 Qd7 10. Bf6 Bb4+ 11. Nbd2 0-0 12. 0-0 Qc6 13. Nd4 Qa4 14. N2f3 Qxd1 15. Rfxd1 N8d7 16. Bg5 Nxc4 17. Bxc4 dxc4 18. a3 Bc5 19. Nb5 Re8 20. Nc7 Kf8 21. Nxe8 Kxe8 22. Rac1 b5 23. Nd4 Nxe5 24. Nxb5 Rb8 25. Rd8# 1-0

[Event "Salon de Provence op 7th"]
[Site "Salon de Provence"]
[Date "2016.07.12"]
[Round "5"]
[White "Colandrea, Sauveur"]
[Black "Girard, Jean Pierre"]
[Result "0-1"]
[WhiteElo "1758"]
[BlackElo "1787"]
[PlyCount "126"]
[EventDate "2016.07.09"]
[EventType "swiss"]
[EventRounds "9"]
[EventCountry "FRA"]
[SourceTitle "EXT 2019"]
[Source "ChessBase"]
[SourceDate "2018.10.10"]
[SourceVersion "1"]
[SourceVersionDate "2018.10.10"]
[SourceQuality "1"]

1. d4 Nf6 2. c4 e6 3. Nf3 b6 4. g3 Bb7 5. Bg2 Bb4+ 6. Bd2 Be7 7. 0-0 c5 8. d5 exd5 9. Nh4 0-0 10. Nf5 Re8 11. Nc3 Bf8 12. Bg5 d6 13. Nxd5 Bxd5 14. Bxd5 Nbd7 15. Bxa8 Qxa8 16. f3 Qc6 17. e4 h6 18. Bf4 Ne5 19. Bxe5 Rxe5 20. Qd2 Kh7 21. Rad1 Re6 22. Qg2 g6 23. Ne3 Bg7 24. Nd5 Nd7 25. Nf4 Re8 26. Qd2 Bd4+ 27. Kg2 Ne5 28. Ne2 Nxc4 29. Nxd4 cxd4 30. Qxd4 Qc5 31. Qxc5 dxc5 32. Kf2 Nxb2 33. Rd7 Kg7 34. Rb1 Nc4 35. Rxa7 Rd8 36. Ra4 Rd2+ 37. Ke1 Rxh2 38. Rd1 Rh1+ 39. Ke2 Rxd1 40. Rxc4 Rb1 41. Rc2 Rb4 42. Ke3 Kf6 43. Kf4 h5 44. Rd2 Ke6 45. Kg5 Rd4 46. Rb2 Rd6 47. g4 hxg4 48. Kxg4 c4 49. Kf4 Kd7 50. Ke3 Kc6 51. e5 Rd3+ 52. Ke2 b5 53. a4 bxa4 54. Rb4 Kc5 55. Rxa4 Rd7 56. Ra6 c3 57. Ra8 Kc4 58. Rc8+ Kb3 59. Rb8+ Kc2 60. Ra8 Kc1 61. Rc8 c2 62. f4 Rd2+ 63. Ke1 Rd4 0-1

[Event "Salon de Provence op 7th"]
[Site "Salon de Provence"]
[Date "2016.07.11"]
[Round "4"]
[White "Khalifah, Khaled"]
[Black "Colandrea, Sauveur"]
[Result "1-0"]
[WhiteElo "1486"]
[BlackElo "1758"]
[PlyCount "101"]
[EventDate "2016.07.09"]
[EventType "swiss"]
[EventRounds "9"]
[EventCountry "FRA"]
[SourceTitle "EXT 2019"]
[Source "ChessBase"]
[SourceDate "2018.10.10"]
[SourceVersion "1"]
[SourceVersionDate "2018.10.10"]
[SourceQuality "1"]

1. d4 d5 2. Bf4 c5 3. e3 Nc6 4. Nf3 e6 5. c3 Bd6 6. Bg3 Nf6 7. Bd3 0-0 8. Nbd2 cxd4 9. exd4 Qc7 10. Qe2 Re8 11. Ne5 a6 12. 0-0 g6 13. Ndf3 Nh5 14. Bh4 Nf4 15. Qe3 Nxd3 16. Nxd3 Ne7 17. Bf6 Nf5 18. Qd2 Be7 19. Be5 Qd8 20. h3 f6 21. Bh2 Bd6 22. Bxd6 Nxd6 23. Rfe1 Ne4 24. Qc2 Qc7 25. Nd2 Ng5 26. f4 Nf7 27. Nf3 Nd6 28. Nf2 Bd7 29. Ng4 Kg7 30. Nd2 Nf5 31. Rf1 Nxd4 32. Qd3 Nf5 33. c4 dxc4 34. Nxc4 Bb5 35. Rac1 Rad8 36. Qc3 Bxc4 37. Nxf6 Qb6+ 38. Rf2 Re7 39. Nd5+ Qd4 40. Nxe7 Nxe7 41. Qxc4 Qb6 42. a3 Rd4 43. Qc5 Qd8 44. Qe5+ Kf7 45. Re2 Qb6 46. Kh2 Nd5 47. Rce1 Rxf4 48. Qxe6+ Qxe6 49. Rxe6 Rf2 50. Rd6 Nf6 51. Rb6 1-0

[Event "Salon de Provence op 6th"]
[Site "Salon de Provence"]
[Date "2015.07.04"]
[Round "5"]
[White "Colandrea, Sauveur"]
[Black "Derige Kane, Yan"]
[Result "0-1"]
[WhiteElo "1765"]
[BlackElo "1940"]
[PlyCount "66"]
[EventDate "2015.07.04"]
[EventType "swiss"]
[EventRounds "9"]
[EventCountry "FRA"]
[SourceTitle "EXT 2016"]
[Source "ChessBase"]
[SourceDate "2015.10.08"]
[SourceVersion "1"]
[SourceVersionDate "2015.10.08"]
[SourceQuality "1"]

1. e4 e5 2. Nf3 Nc6 3. d4 exd4 4. Nxd4 Qh4 5. Be3 a6 6. Nd2 Nf6 7. g3 Qg4 8. Be2 Qg6 9. 0-0 Ne5 10. h3 d6 11. Kh2 Be7 12. Rg1 c5 13. N4f3 Nfd7 14. Ne1 Nb6 15. f4 Qh6 16. g4 Nc6 17. Ng2 Bf6 18. Nf1 Nd4 19. c3 Nxe2 20. Qxe2 g6 21. Rd1 Be7 22. Bc1 Bd7 23. Nfe3 0-0-0 24. Qf3 Qg7 25. Nd5 Nxd5 26. exd5 f5 27. Ne3 fxg4 28. hxg4 h5 29. Kg2 hxg4 30. Nxg4 Rh4 31. Kf2 Rdh8 32. Ne3 Qf6 33. Qe4 Rxf4+ 0-1

[Event "Salon de Provence op 6th"]
[Site "Salon de Provence"]
[Date "2015.07.04"]
[Round "8"]
[White "Colandrea, Sauveur"]
[Black "Kolb, Sebastien"]
[Result "0-1"]
[WhiteElo "1765"]
[BlackElo "2077"]
[PlyCount "52"]
[EventDate "2015.07.04"]
[EventType "swiss"]
[EventRounds "9"]
[EventCountry "FRA"]
[SourceTitle "EXT 2016"]
[Source "ChessBase"]
[SourceDate "2015.10.08"]
[SourceVersion "1"]
[SourceVersionDate "2015.10.08"]
[SourceQuality "1"]

1. e4 c5 2. Nf3 Nc6 3. c3 Nf6 4. e5 Nd5 5. d4 cxd4 6. cxd4 e6 7. Nc3 Nxc3 8. bxc3 d6 9. Ba3 Qa5 10. Qb3 dxe5 11. Bxf8 Kxf8 12. dxe5 Nxe5 13. Nd2 g6 14. f4 Ng4 15. Nc4 Qc5 16. Qc2 Ne3 17. Nxe3 Qxe3+ 18. Be2 Bd7 19. Rd1 Bc6 20. Rd3 Qxf4 21. Rf1 Qe5 22. Kd1 Be4 23. Rxf7+ Kxf7 24. Rd7+ Kf6 25. Qd2 Raf8 26. Qh6 Rf7 0-1

[Event "Salon de Provence op 6th"]
[Site "Salon de Provence"]
[Date "2015.07.04"]
[Round "4"]
[White "Faure, Alexandre"]
[Black "Colandrea, Sauveur"]
[Result "1/2-1/2"]
[WhiteElo "2006"]
[BlackElo "1765"]
[PlyCount "46"]
[EventDate "2015.07.04"]
[EventType "swiss"]
[EventRounds "9"]
[EventCountry "FRA"]
[SourceTitle "EXT 2016"]
[Source "ChessBase"]
[SourceDate "2015.10.08"]
[SourceVersion "1"]
[SourceVersionDate "2015.10.08"]
[SourceQuality "1"]

1. e4 d6 2. d4 Nf6 3. Nc3 e5 4. dxe5 dxe5 5. Qxd8+ Kxd8 6. Nf3 Bd6 7. Bc4 Ke7 8. Bg5 c6 9. h3 Be6 10. Bxe6 fxe6 11. 0-0-0 Nbd7 12. a3 Rhd8 13. Be3 b5 14. Rd3 Nb6 15. Nd2 Kf7 16. Rd1 Bc7 17. Rxd8 Rxd8 18. Nb3 Nc8 19. Rxd8 Bxd8 20. f3 Bb6 21. Kd2 Nd6 22. Bxb6 axb6 23. Nd1 Nh5 1/2-1/2

[Event "Salon de Provence op 5th"]
[Site "Salon de Provence"]
[Date "2014.07.10"]
[Round "6"]
[White "Boyer, Jean Francois"]
[Black "Colandrea, Sauveur"]
[Result "1-0"]
[WhiteElo "1780"]
[BlackElo "1764"]
[PlyCount "51"]
[EventDate "2014.07.05"]
[EventType "swiss"]
[EventRounds "9"]
[EventCountry "FRA"]
[SourceTitle "EXT 2015"]
[Source "ChessBase"]
[SourceDate "2014.11.20"]
[SourceVersion "1"]
[SourceVersionDate "2014.11.20"]
[SourceQuality "1"]

1. e4 c5 2. Nf3 g6 3. Nc3 Bg7 4. Bc4 Nc6 5. 0-0 a6 6. a3 e6 7. d3 Nge7 8. Bg5 b5 9. Ba2 0-0 10. Qc1 Nd4 11. Nxd4 cxd4 12. Ne2 d6 13. Bh6 Nc6 14. Bxg7 Kxg7 15. Qf4 Qe7 16. h4 Bd7 17. Qg3 f5 18. f3 Rf6 19. Nf4 Kh8 20. Rae1 fxe4 21. Rxe4 Raf8 22. Nd5 Qf7 23. Nxf6 Qxf6 24. Qxd6 Rf7 25. Rfe1 e5 26. Qd5 1-0

[Event "Provence-ch 1213"]
[Site "Provence"]
[Date "2013.07.11"]
[Round "8"]
[White "Amoros, Jean"]
[Black "Colandrea, Sauveur"]
[Result "0-1"]
[WhiteElo "1460"]
[BlackElo "1762"]
[PlyCount "48"]
[EventDate "2013.07.06"]
[EventType "swiss"]
[EventRounds "9"]
[EventCountry "FRA"]
[SourceTitle "EXT 2015"]
[Source "ChessBase"]
[SourceDate "2014.11.20"]
[SourceVersion "1"]
[SourceVersionDate "2014.11.20"]
[SourceQuality "1"]

1. e4 e5 2. Nf3 Nc6 3. Bc4 Nf6 4. Nc3 Nxe4 5. Nxe4 d5 6. Bxd5 Qxd5 7. d3 Bg4 8. 0-0 0-0-0 9. Nc3 Qd7 10. Be3 f5 11. a3 Nd4 12. Nxe5 Bxd1 13. Nxd7 Bxc2 14. Ne5 Nb3 15. Nf7 Be7 16. Rae1 Bxd3 17. Nxh8 Rxh8 18. Bxa7 Bf6 19. Be3 Nd4 20. Rd1 Bxf1 21. Kxf1 Nc6 22. g3 Na5 23. Rd5 Nc4 24. b3 Nxe3+ 0-1

[Event "Avignon-B 4th"]
[Site "Avignon"]
[Date "2012.11.05"]
[Round "2"]
[White "Colandrea, Sauveur"]
[Black "Fondain, Georges"]
[Result "1/2-1/2"]
[WhiteElo "1839"]
[BlackElo "1899"]
[PlyCount "55"]
[EventDate "2012.11.04"]
[EventType "tourn"]
[EventRounds "7"]
[EventCountry "FRA"]
[SourceTitle "EXT 2014"]
[Source "ChessBase"]
[SourceDate "2013.11.20"]
[SourceVersion "1"]
[SourceVersionDate "2013.11.20"]
[SourceQuality "1"]

1. e4 e6 2. Nf3 c5 3. d4 cxd4 4. Nxd4 Bc5 5. Nb3 Bb6 6. Bd3 Nc6 7. Qe2 Nge7 8. Nc3 Ne5 9. Be3 0-0 10. 0-0 a6 11. Rad1 Bc7 12. f4 Nxd3 13. Qxd3 d6 14. f5 exf5 15. exf5 Re8 16. f6 Nf5 17. Nd5 Nxe3 18. Nxe3 Bb6 19. Nd4 gxf6 20. Nef5 Bxf5 21. Rxf5 Re5 22. Rdf1 Rxf5 23. Rxf5 Qe7 24. c3 Qe1+ 25. Rf1 Qe5 26. Kh1 Bxd4 27. cxd4 Qg5 28. Qe4 1/2-1/2

[Event "Avignon-B 4th"]
[Site "Avignon"]
[Date "2012.11.04"]
[Round "1"]
[White "Canonge, Jerome"]
[Black "Colandrea, Sauveur"]
[Result "1-0"]
[WhiteElo "1806"]
[BlackElo "1839"]
[PlyCount "53"]
[EventDate "2012.11.04"]
[EventType "tourn"]
[EventRounds "7"]
[EventCountry "FRA"]
[SourceTitle "EXT 2014"]
[Source "ChessBase"]
[SourceDate "2013.11.20"]
[SourceVersion "1"]
[SourceVersionDate "2013.11.20"]
[SourceQuality "1"]

1. c4 Nf6 2. Nc3 e5 3. g3 d5 4. Bg2 d4 5. Nb5 c5 6. Nf3 Nc6 7. 0-0 Be7 8. e3 0-0 9. Ne1 Bg4 10. f3 Be6 11. d3 Qd7 12. f4 Bg4 13. Bf3 Rfd8 14. e4 Bh3 15. Ng2 a6 16. Na3 Bxg2 17. Kxg2 Bd6 18. f5 h6 19. g4 Nh7 20. h4 Be7 21. Qe1 Bf6 22. Qg3 Qe7 23. Rh1 Rd6 24. g5 hxg5 25. hxg5 Bxg5 26. Rxh7 Kxh7 27. Bxg5 1-0

[Event "Avoine op 27th"]
[Site "Avoine"]
[Date "2012.07.27"]
[Round "7"]
[White "Aubry, Yannis"]
[Black "Colandrea, Sauveur"]
[Result "1-0"]
[WhiteElo "2104"]
[BlackElo "1824"]
[PlyCount "65"]
[EventDate "2012.07.21"]
[EventType "swiss"]
[EventRounds "9"]
[EventCountry "FRA"]
[SourceTitle "CBM 149 Extra"]
[Source "ChessBase"]
[SourceDate "2012.08.24"]
[SourceVersion "1"]
[SourceVersionDate "2012.08.24"]
[SourceQuality "1"]

1. e4 Nf6 2. Nc3 e5 3. f4 d6 4. Nf3 Nbd7 5. d4 exd4 6. Qxd4 c6 7. Be3 d5 8. exd5 Bc5 9. Qd3 Qe7 10. Nd4 Bxd4 11. Qxd4 Ng4 12. 0-0-0 0-0 13. Bg1 Nb6 14. dxc6 bxc6 15. h3 Nf6 16. g4 Be6 17. Qd6 Qxd6 18. Rxd6 Nbd5 19. Rxc6 Nxc3 20. Rxc3 Nd5 21. Rf3 Nb4 22. Rh2 Nxa2+ 23. Kb1 Rfd8 24. Rd3 Nb4 25. Rdd2 g6 26. Bd4 Re8 27. Bf2 Rab8 28. Bg2 Rb6 29. Bxb6 Ba2+ 30. Kc1 axb6 31. Bf3 Re1+ 32. Rd1 Re7 33. b3 1-0

[Event "Marseille op 4th"]
[Site "Marseille"]
[Date "2011.12.27"]
[Round "4"]
[White "Jeanjean, Dominique"]
[Black "Colandrea, Sauveur"]
[Result "1-0"]
[WhiteElo "2112"]
[BlackElo "1841"]
[PlyCount "63"]
[EventDate "2011.12.26"]
[EventType "swiss"]
[EventRounds "9"]
[EventCountry "FRA"]
[SourceTitle "CBM 146 Extra"]
[Source "ChessBase"]
[SourceDate "2012.02.29"]
[SourceVersion "1"]
[SourceVersionDate "2012.02.29"]
[SourceQuality "1"]

1. e4 Nf6 2. e5 Nd5 3. d4 g6 4. c4 Nb6 5. Be3 d6 6. exd6 cxd6 7. Nc3 Bg7 8. Rc1 0-0 9. Be2 Nc6 10. Qd2 e5 11. dxe5 dxe5 12. c5 Qxd2+ 13. Bxd2 Nd7 14. Ne4 Nf6 15. Nxf6+ Bxf6 16. b4 Nd4 17. Bc4 Bf5 18. Ne2 Rad8 19. Nxd4 Rxd4 20. Be3 Re4 21. 0-0 Rd8 22. a3 Rxc4 23. Rxc4 Bd3 24. Rcc1 Bxf1 25. Kxf1 Rd3 26. b5 Bd8 27. c6 b6 28. c7 Bxc7 29. Rxc7 Rxa3 30. Bh6 f5 31. Rg7+ Kh8 32. Rf7 1-0

[Event "Saint Affrique op 19th"]
[Site "Saint Affrique"]
[Date "2011.07.26"]
[Round "5"]
[White "Lewis, John"]
[Black "Colandrea, Sauveur"]
[Result "1-0"]
[WhiteElo "2107"]
[BlackElo "1821"]
[PlyCount "43"]
[EventDate "2011.07.23"]
[EventType "swiss"]
[EventRounds "9"]
[EventCountry "FRA"]
[SourceTitle "CBM 143 Extra"]
[Source "ChessBase"]
[SourceDate "2011.08.29"]
[SourceVersion "1"]
[SourceVersionDate "2011.08.29"]
[SourceQuality "1"]

1. d4 d6 2. Nf3 Bg4 3. h3 Bxf3 4. exf3 g6 5. Nc3 Bg7 6. Be3 Nd7 7. Qd2 Ngf6 8. 0-0-0 0-0 9. Bh6 c5 10. d5 a6 11. h4 b5 12. h5 Qa5 13. Kb1 Ne5 14. g4 Nc4 15. Bxc4 bxc4 16. Bxg7 Kxg7 17. hxg6 fxg6 18. Qh6+ Kf7 19. g5 Rfb8 20. gxf6 Rxb2+ 21. Kxb2 Rb8+ 22. Kc1 1-0

[Event "Marseille op 2nd "]
[Site "Marseille"]
[Date "2009.12.28"]
[Round "6"]
[White "Jeanjean, Dominique"]
[Black "Colandrea, Sauveur"]
[Result "1-0"]
[WhiteElo "2095"]
[BlackElo "1870"]
[PlyCount "31"]
[EventDate "2009.12.26"]
[EventType "swiss"]
[EventRounds "9"]
[EventCountry "FRA"]
[SourceTitle "CBM 134 Extra"]
[Source "ChessBase"]
[SourceDate "2010.03.03"]
[SourceVersion "1"]
[SourceVersionDate "2010.03.03"]
[SourceQuality "1"]

1. e4 c5 2. Nf3 d6 3. d4 cxd4 4. Nxd4 Nf6 5. Nc3 Nc6 6. Bg5 e6 7. Qd2 Bd7 8. 0-0-0 a6 9. f4 Be7 10. Nf3 Qc7 11. e5 dxe5 12. fxe5 Nxe5 13. Nxe5 Qxe5 14. Bxf6 Bxf6 15. Qxd7+ Kf8 16. Be2 1-0

[Event "Creon op 14th"]
[Site "Creon"]
[Date "2009.07.27"]
[Round "1"]
[White "Brunner, Nicolas"]
[Black "Colandrea, Sauveur"]
[Result "1-0"]
[WhiteElo "2421"]
[BlackElo "1901"]
[PlyCount "41"]
[EventDate "2009.07.27"]
[EventType "swiss"]
[EventRounds "9"]
[EventCountry "FRA"]
[SourceTitle "CBM 131 Extra"]
[Source "ChessBase"]
[SourceDate "2009.09.03"]
[SourceVersion "2"]
[SourceVersionDate "2009.09.16"]
[SourceQuality "1"]

1. d4 Nf6 2. c4 e6 3. Nc3 c5 4. d5 exd5 5. cxd5 g6 6. e4 d6 7. f4 Bg7 8. Bb5+ Nfd7 9. a4 0-0 10. Nf3 a6 11. Bd3 b6 12. 0-0 Qc7 13. Bc4 Qd8 14. Re1 Re8 15. h3 h5 16. Qb3 Nf8 17. e5 Ra7 18. Ne4 dxe5 19. fxe5 Bxe5 20. Bg5 Rae7 21. Nxe5 1-0

[Event "Pierrevert op 5th"]
[Site "Pierrevert"]
[Date "2007.04.20"]
[Round "9"]
[White "Colandrea, Sauveur"]
[Black "Birens, Eric Andre"]
[Result "1/2-1/2"]
[WhiteElo "1886"]
[BlackElo "2038"]
[PlyCount "75"]
[EventDate "2007.04.15"]
[EventType "swiss"]
[EventRounds "9"]
[EventCountry "FRA"]
[SourceTitle "CBM 118 Extra"]
[Source "ChessBase"]
[SourceDate "2007.07.04"]
[SourceVersion "1"]
[SourceVersionDate "2007.07.04"]
[SourceQuality "1"]

1. e4 c5 2. Nf3 d6 3. c3 Nf6 4. Be2 Bg4 5. 0-0 e6 6. Re1 Be7 7. d3 0-0 8. e5 dxe5 9. Nxe5 Bxe2 10. Qxe2 Nbd7 11. Nf3 Qc7 12. Nbd2 Rad8 13. Ng5 h6 14. Nge4 Nxe4 15. dxe4 Ne5 16. Nf3 Nd3 17. Rd1 c4 18. Be3 e5 19. Ne1 Nxe1 20. Qxe1 b6 21. Qe2 Qc6 22. f3 Bc5 23. Bxc5 Qxc5+ 24. Qf2 Qa5 25. a3 Qb5 26. Rd2 Rxd2 27. Qxd2 Qc5+ 28. Kf1 f5 29. exf5 Rxf5 30. Qc2 Rf8 31. Rd1 Qe3 32. Qe2 Qf4 33. Kg1 b5 34. Qd2 a6 35. Qd5+ Kh8 36. Re1 Rf5 37. Qa8+ Rf8 38. Qd5 1/2-1/2